| 000 | 00488nam a22001577a 4500 | ||
|---|---|---|---|
| 003 | NUST | ||
| 082 | _a200 | ||
| 100 |
_aAli, Farhan _996757 |
||
| 245 |
_aSliding Mode Control of Unified Power Flow Controller (UPFC) / _cFarhan Ali |
||
| 264 |
_aIslamabad : _bSEECS, NUST, _c2022. |
||
| 300 | _a50 p. ; | ||
| 650 |
_aMS-Electrical Engineering _923567 |
||
| 700 |
_aSupervisor: Dr. Ammar Hasan _996758 |
||
| 856 | _uhttp://10.250.8.41:8080/xmlui/handle/123456789/28680 | ||
| 942 |
_2ddc _cSC |
||
| 999 |
_c590858 _d590858 |
||